000
00289nam a2200109Ia 4500
008
200302s9999 xx 000 0 und d
100
_a
Michael T. Kubal
245
_a
Waterproofing the Building Envelope
260
_b
Mcgraw- hill International Book co.,
260
_c
1993
300
_a
276 P.,
999
_c
1886
_d
1886